01039nam a2200157Ia 4500008004100000020001800041050002700059245009800086250001700184260016400201300004400365500003000409500015000439505025700589650003500846120625s2011 mx 000 0 esp d a978607762060014aC HF5616.M4bN67 201110aNormas de información financiera (NIF) 2011 c/ Instituto Mexicano de Contadores Públicos a5a edición3 aMéxico b: Consejo Mexicano para la Investigación y Desarrollo de Normas de Información Financierab: Instituto Mexicano de Contadores Públicosc, 2011 a1 volumenen varias paginacionesc; 17cm aEn portada: "Estudiantil" aEn portada: "El texto completo de Normas de Información Financiera considera la normatividad que se encuentra en vigor al 1o. de Enero de 2011" aPrólogo Serie NIF A. Marco conceptual Serie NIF B Normas aplicables a los estados financieros en su conjunto Serie NIF C Normas aplicables a conceptos específicos de los estados financieros Serie NIF D Normas aplicables a problemas de determinados10aCONTABILIDADxNORMASzMÉXICO